[Event "32nd Reykjavik Open 2017"]
[Site "Reykjavik"]
[Date "2017.04.20"]
[Round "3"]
[White "Gupta, Abhijeet"]
[Black "Ahlander, Bjorn"]
[Result "1-0"]
[WhiteElo "2607"]
[BlackElo "2416"]
[Annotator "TA"]
[PlyCount "99"]
[EventDate "2017.??.??"]
[EventType "swiss"]
[EventCountry "ISL"]
[SourceTitle "playchess.com"]
[Source "ChessBase"]
[SourceQuality "1"]

{[%evp 25,99,23,23,13,60,40,66,71,94,31,28,24,26,12,28,0,0,0,0,-36,2,0,0,0,3,0,0,0,0,0,14,-30,-43,-55,-20,-20,-8,-20,-16,-37,-28,-52,24,31,26,-52,0,0,14,-45,-48,-34,0,0,114,100,509,492,728,722,1464,1383,2542,2450,1791,1123,1123,1123,1111,747,29988,4906,29991,29990,29990,29987]} 1. Nf3 Nf6 2. c4 e6 3. g3 d5 4. Bg2 Be7 5. O-O O-O 6. d4 c6 7. Qc2 Nbd7 8. Nbd2 b6 9. e4 Ba6 10. b3 Rc8 11. Bb2 c5 12. exd5 exd5 13. Rfd1 Re8 {LiveBook: 30 Games} 14. Nf1 {E09: Closed Catalan: Main Line: 7 Qc2 c6 8 Nbd2} (14. Qf5 g6 15. Qh3 cxd4 16. Nxd4 Nc5 17. N2f3 Qd7 18. Ne5 Qxh3 19. Bxh3 Rc7 20. cxd5 Nxd5 21. Ndc6 Bb7 22. Nxe7+ Rcxe7 {½-½ (44) Bareev,E (2683)-Miton,K (2638) Havana 2006}) 14... dxc4 $146 (14... cxd4 15. Nxd4 dxc4 16. Ne3 cxb3 17. Qb1 b5 18. Nc6 Qb6 19. Nxe7+ Rxe7 20. axb3 Rc7 21. Nf5 Re2 {1-0 (35) Menezes,C (2408)-Rajdeep,S (2351) Bhubaneswar 2016}) 15. d5 $1 cxb3 16. axb3 {White is slightly better.} Bb5 17. Ne3 (17. Rxa7 $16 Bd6 18. Ne3) 17... a5 $14 18. Bh3 {Hoping for Ng5.} h6 19. Nc4 Bf8 20. Nfe5 Nxe5 21. Nxe5 Rc7 22. Bg2 Qd6 (22... Rce7 $5 {seems wilder.} 23. f4 Qd6 24. Rd2 h5 25. Qf5 Nd7) 23. Nc4 Bxc4 24. bxc4 Rce7 25. Qb3 g6 26. Rab1 Bg7 27. Qb5 Rc8 28. Bh3 Rb8 $1 29. Qc6 Ne8 30. Bc1 Rc7 31. Qa4 {aiming for Bf4.} g5 32. Re1 Kf8 33. Be3 Bd4 (33... Bc3 $15 34. Rec1 Qf6) 34. Bxd4 $11 cxd4 35. Rbd1 ({Better is} 35. Bf1 $11) 35... Qb4 (35... Qf6 $1 $15) 36. Qc2 $36 {[%mdl 2048] Black is under pressure.} Kg8 37. Qe4 (37. Bf1 $1 $11) 37... Rxc4 $15 38. Bf1 $1 {And now Rb1 would win.} Nd6 39. Qf3 {[#] Black must now prevent Qf6.} Rc7 (39... d3 $1 $11) 40. Qf6 $16 Rf8 $2 {[%mdl 8192]} ({Don't choose} 40... Qc5 $2 41. Rc1 (41. Qxh6 Qxd5 42. Bd3 f6 $14) (41. Rxd4 Ne8 42. Qe5 Qd6 $11) 41... Ne4 42. Rxc5 Nxf6 43. Rxc7 $18) (40... Re8 $16 {is a better chance.} 41. Rxe8+ Nxe8 42. Qxh6 Qe7) 41. Qxh6 $18 ({Not} 41. Bd3 Rc3 $16) 41... f6 {[#]} (41... Re8 $142 42. Qxg5+ Kf8) 42. Bh3 $1 f5 43. Re6 {Threatening mate with Rg6+.} ({Weaker is} 43. Qxg5+ Rg7 44. Qh6 d3 $16) 43... Ne8 {[#]} 44. Bxf5 $1 {[%mdl 512] White wants to mate with Rg6+.} Rg7 (44... Rxf5 45. d6) 45. Rxb6 Qe7 46. Be6+ Rgf7 47. d6 Qd8 48. Rb7 (48. Rb5 $142 d3 49. Rxg5+ Qxg5 50. Qxg5+ Ng7 51. Rxd3 Kh7 52. Bxf7 Rxf7 53. d7) 48... Ng7 49. Rxf7 Rxf7 50. Qg6 1-0

[Event "32nd Reykjavik Open 2017"]
[Site "Reykjavik"]
[Date "2017.04.20"]
[Round "3"]
[White "Van Foreest, Jorden"]
[Black "Batchimeg, Tuvshintugs"]
[Result "1-0"]
[WhiteElo "2584"]
[BlackElo "2394"]
[Annotator "TA"]
[PlyCount "121"]
[EventDate "2017.??.??"]
[EventType "swiss"]
[EventCountry "ISL"]
[SourceTitle "playchess.com"]
[Source "ChessBase"]
[SourceQuality "1"]

{[%evp 19,121,25,38,25,28,30,29,18,20,31,27,17,29,1,8,8,0,9,10,0,16,0,14,-3,28,8,1,4,1,6,10,0,0,-19,-8,-19,0,-45,1,12,16,19,31,25,12,20,68,0,0,0,11,0,24,24,22,9,47,6,8,5,43,8,6,6,8,0,7,0,0,0,0,0,8,8,8,8,9,10,251,235,765,745,712,672,609,606,29973,29974,29973,29974,29975,29976,29977,29978,29979,29980,29982,29978,29978,29979,29978,29978,29991,29992]} 1. e4 e5 2. Nf3 Nc6 3. Bc4 Nf6 4. d3 Be7 5. O-O d6 6. a4 Na5 {C55: Two Knights: 4 d3, 4 d4 exd4 5 e5 and Max Lange Attack} 7. Ba2 c5 8. c3 Nc6 9. Na3 {[%cal Bb1a3,Ba3c2,Bc2e3,Be3d5][%mdl 32]} O-O 10. Re1 a6 {LiveBook: 6 Games} 11. Bg5 $146 (11. Nc2 Rb8 12. h3 b5 13. axb5 axb5 14. Ne3 Be6 15. Bxe6 fxe6 {½-½ (50) Giri,A (2782)-Carlsen,M (2855) Leuven 2016}) 11... Rb8 12. Nc2 h6 13. Bh4 Nh5 14. Bxe7 Qxe7 15. Ne3 Be6 16. Nd5 Qd8 (16... Bxd5 17. exd5 Na7 18. Nxe5 $16) 17. Nd2 Nf6 18. Nxf6+ Qxf6 19. Nc4 Rfd8 20. Qe2 d5 21. Ne3 {[%cal Re4d5]} Ne7 (21... d4 $5 {feels hotter.} 22. Nd5 Qg5 23. g3 h5 24. h4 Qg6) 22. a5 d4 23. Bxe6 Qxe6 24. Nc4 Nc6 25. g3 Rf8 26. f4 exf4 27. gxf4 Rbd8 28. Qf3 Qf6 29. Rac1 g5 30. Rf1 dxc3 31. bxc3 gxf4 32. Kh1 Kh8 33. Rb1 ({White should try} 33. Rcd1 $1 $14) 33... Rg8 $11 (33... Qxc3 34. Qxf4 (34. Rxb7 Rg8 $16) 34... Kh7 35. Rxb7 Qxd3 36. Rg1 $18) 34. Rxb7 {And now Rb6 would win.} Qg5 {aiming for ...Rxd3!} 35. e5 (35. d4 $5 {is more complex.} cxd4 36. Rxf7 dxc3 37. Qxc3+ Rg7 38. Rxg7 Qxg7 39. Qxg7+ Kxg7 40. Rxf4 Rd4 41. Ne3) 35... Nxe5 36. Nxe5 Qxe5 37. Rxf7 Qd5 38. Rxf4 Qxd3 39. Qh5 Rg6 40. Qxc5 {Black must now prevent Rf8+.} Qd5+ 41. Qxd5 Rxd5 {[%mdl 4096] Endgame KRR-KRR} 42. Rf5 Rg5 43. Rf6 Rxa5 44. Rxh6+ Kg7 45. Rb6 (45. Rd6 $5 {is more complex.} Ra2 46. Rb1 Rg6 47. Rxg6+ Kxg6 48. Rc1) 45... Rg6 (45... Ra4 $5 {creates asymmetry.} 46. Rfb1 a5 47. Ra6 Rg6 48. Ra7+ Kh6) 46. Rxg6+ Kxg6 {KR-KR} 47. Kg2 Rg5+ 48. Kf3 {With the idea Ke4.} Rh5 $2 (48... Rc5 $11 {and Black stays safe.}) 49. Ke4 $1 $18 Rxh2 $2 {[#]} (49... a5 50. Rf2 Rh4+ 51. Kd5 Rh5+ 52. Kd6 Rh4) 50. c4 $1 {[%cal Bc3c4,Bc4c5,Bc5c6][%mdl 32]} Rc2 51. Kd3 Rb2 52. c5 Rb7 53. c6 {White mates.} Rc7 54. Rc1 Kf7 55. Kd4 Ke8 56. Kc5 Kd8 57. Kb6 Rf7 58. Rh1 Rf6 59. Kb7 Rf7+ {[#]} 60. Kb8 $1 ({Inferior is} 60. Kxa6 Kc7 $11) 60... Rf8 61. Rh7 1-0

[Event "32nd Reykjavik Open 2017"]
[Site "Reykjavik"]
[Date "2017.04.20"]
[Round "3"]
[White "Donchenko, Alexander"]
[Black "Derakhshani, Dorsa"]
[Result "1-0"]
[WhiteElo "2554"]
[BlackElo "2351"]
[Annotator "TA"]
[PlyCount "85"]
[EventDate "2017.??.??"]
[EventType "swiss"]
[EventCountry "ISL"]
[SourceTitle "playchess.com"]
[Source "ChessBase"]
[SourceQuality "1"]

{[%evp 16,85,14,0,0,0,0,-20,-11,-12,-28,-84,-75,-76,-93,-89,-97,-98,-19,-32,-20,-49,-17,-16,0,0,0,0,-11,-35,-6,-19,-1,-2,132,145,291,175,175,141,220,216,340,262,423,112,105,104,231,0,100,0,229,220,960,946,810,757,29985,29986,29986,29987,29989,29990,29995,29996,29996,29997,29997,29998,29998,29999]} 1. Nf3 Nf6 2. c4 e6 3. g3 d5 4. Bg2 dxc4 5. O-O a6 6. Ne5 (6. Qc2 Bd6 7. Qxc4 b5 8. Qb3 Bb7 9. a4 Nbd7 10. axb5 Bd5 11. Qc2 axb5 12. Rxa8 Qxa8 13. Nc3 Bc6 {½-½ (80) Howell,D (2667)-Shankland,S (2666) Saint Louis 2017}) 6... Qd4 7. Nf3 {[%cal Be5f3,Bf3d4,Bd4c6][%mdl 32]} Qd8 8. Na3 {A13: English Opening: 1...e6} Bxa3 9. bxa3 {LiveBook: 4 Games} O-O 10. Qc2 {The position is equal.} b5 11. Bb2 Nbd7 $146 (11... Nd5 12. Rad1 Qe7 13. d3 cxd3 14. Rxd3 Bb7 15. Rd4 f5 {1-0 (28) Koch,J (2476)-Clery,N (2396) Mulhouse 2011}) 12. Nd4 Nd5 13. a4 (13. Nc6 $11 {remains equal.} Qe8 14. d3 (14. Bxd5 $2 exd5 15. Qc3 Nf6 $19)) 13... c5 $1 $17 {[%cal Rc5d4]} 14. Nc6 Qe8 15. axb5 axb5 16. a4 bxa4 (16... b4 $17 17. e4 (17. Qxc4 Bb7 18. Ne5 N5b6 $17) 17... Ne7 18. Nxe7+ Qxe7) 17. Qxc4 $11 Bb7 18. Ne5 $1 Nxe5 19. Bxe5 Qc6 20. Rfc1 $40 {[%mdl 128] White mounts an attack.} f6 21. Bb2 Rfc8 22. h4 {[%cal Bh2h4,Bh4h5,Bh5h6][%mdl 32]} Ra5 23. Qg4 Kh8 24. h5 Rc7 {[#]} (24... h6 $1 $11) 25. h6 $1 $16 {[%mdl 512]} Qb6 (25... Rf7 $16 {was necessary.}) (25... gxh6 26. e4) 26. Ba3 gxh6 27. Rab1 Qa6 (27... Nb4 $2 28. Bxb4 cxb4 29. Rxc7 Qxc7 30. Qxb4 $18) (27... Qc6 $16) 28. Qh4 $18 {[%mdl 1024] And now e4 would win. White has strong compensation.} Kg7 (28... Rf7 $142 29. Qxh6 (29. Qh5 Kg8 30. d3 Qc6 $16) 29... Qc6) 29. Rc4 {[%cal Bc1c4,Bc4h4,Bh4g4][%mdl 32] Black must now prevent Rg4+.} Ne7 $2 (29... h5 30. d3 Ne7) 30. Qg4+ $2 ({Weaker is} 30. Rg4+ Ng6 $18) (30. Rf4 $18 {has better winning chances.} Nf5 31. Rg4+ Kf7 32. Qh5+ Ke7 33. Bxb7 (33. Rg8 Bxg2 34. Kxg2 Qc6+ 35. Kg1 Rb5 $14) 33... Rxb7 34. Rxb7+ Qxb7 35. Qxf5 $1 {[%mdl 512]} exf5 36. Rg7+ Ke6 37. Rxb7) 30... Kf7 $16 ({But not} 30... Ng6 31. Bxc5 h5 32. Qd4 $14) 31. Qh5+ Kg7 (31... Ng6 $16 32. Qxh6 (32. Rxc5 Raxc5 33. Qxh6 Kg8 34. Bxb7 Rxb7 $11) 32... Ke8) 32. Qg4+ (32. Rxc5 Raxc5 33. Bxc5 Bxg2 34. Bxe7 Rxe7 $11) (32. Rh4 $18 Ng6 33. Qxh6+ Kg8 34. Rg4) 32... Kf7 $1 {[#]} 33. Qh5+ (33. Bxb7 $1 $16 Rxb7 34. Rbc1) 33... Kg7 $1 $18 34. Rh4 ({Inferior is} 34. Rxc5 Raxc5 35. Bxc5 Bxg2 36. Bxe7 Rxe7 $11) 34... Nf5 $2 (34... Ng6) 35. Rg4+ Kf8 36. e4 Qd3 37. Rxb7 {White mates.} Rxb7 38. exf5 Rb1+ 39. Kh2 Qxf5 40. Qxh6+ Ke7 41. Qg7+ Kd6 42. Qf8+ Ke5 {[#]} 43. d4+ $1 {[%mdl 512]} 1-0

[Event "32nd Reykjavik Open 2017"]
[Site "Reykjavik"]
[Date "2017.04.20"]
[Round "3"]
[White "Friedel, Joshua E"]
[Black "Kavutskiy, Konstantin"]
[Result "1-0"]
[WhiteElo "2524"]
[BlackElo "2347"]
[Annotator "TA"]
[PlyCount "75"]
[EventDate "2017.??.??"]
[EventType "swiss"]
[EventCountry "ISL"]
[SourceTitle "playchess.com"]
[Source "ChessBase"]
[SourceQuality "1"]

1. d4 $146 (1. e4 c6 2. Nc3 d5 3. Nf3 Bg4 4. h3 Bxf3 5. Qxf3 Nf6 6. d4 dxe4 7. Qe3 Nbd7 8. Nxe4 Nxe4 9. Qxe4 Nf6 10. Qe3 e6 11. c3 Qd5 12. Qg3 h5 13. Be2 h4 14. Qf3 Bd6 15. O-O O-O-O 16. Qxd5 exd5 17. Bd3 {½-½ (31) Maze,S (2617)-Andreikin,D (2736) Stockholm 2016}) 1... Nf6 2. c4 g6 3. g3 Bg7 4. Bg2 O-O 5. Nc3 d6 6. Nf3 {[%cal Bg1f3,Bf3e1,Be1d3][%mdl 32]} Nc6 7. O-O Bf5 8. Ne1 Bd7 {E62: King's Indian: Fianchetto: 6...c6 and Panno Variation (6...Nc6) without ...a6} 9. e3 {[%cal Be2e3,Be3e4][%mdl 32]} e5 $146 (9... Qc8 10. b3 Bh3 11. Bb2 Bxg2 12. Kxg2 a6 13. Qe2 e6 14. Rc1 Ne7 15. Nf3 c5 16. Rfd1 Qc7 17. e4 cxd4 18. Nxd4 Rfd8 19. Rd3 g5 20. f3 {½-½ (20) Tkachiev,V (2646)-Libiszewski,F (2481) Aix les Bains 2011}) 10. d5 Ne7 11. e4 Ne8 12. Nd3 f5 13. Bg5 h6 14. Bxe7 Qxe7 15. f4 fxe4 16. Nxe4 Bf5 17. Qe2 exf4 18. Nxf4 Bd4+ 19. Kh1 Ng7 20. Rae1 Rae8 21. Qd2 Be5 22. Nd3 Bxe4 23. Rxf8+ Qxf8 24. Rxe4 Nf5 25. Qe2 Qf6 26. b4 b6 27. Bh3 Re7 28. Bxf5 Qxf5 29. b5 Kg7 30. Kg2 h5 31. Nf4 Rf7 32. Ne6+ Kg8 33. h4 Qf6 34. Re3 {[%cal Be4e3,Be3a3,Ba3a7,Ba7a8][%mdl 32]} Qf5 35. Ra3 Qg4 36. Qxg4 hxg4 37. Rxa7 Rf3 38. Ra8+ 1-0

[Event "32nd Reykjavik Open 2017"]
[Site "Reykjavik"]
[Date "2017.04.20"]
[Round "3"]
[White "Bailet, Pierre"]
[Black "Van Leent, Dimitri"]
[Result "1-0"]
[WhiteElo "2510"]
[BlackElo "2230"]
[Annotator "TA"]
[PlyCount "49"]
[EventDate "2017.??.??"]
[EventType "swiss"]
[EventCountry "ISL"]
[SourceTitle "playchess.com"]
[Source "ChessBase"]
[SourceQuality "1"]

{[%evp 12,49,51,52,68,68,62,36,91,100,140,139,151,166,247,213,248,208,252,250,251,254,235,254,310,295,291,320,314,286,286,201,303,244,339,340,459,448,625,609]} 1. Nf3 f5 2. d3 d5 3. g3 Nf6 4. Bg2 e6 5. O-O Bd6 6. Nc3 O-O {A04: Unusual lines after 1 Nf3 and King's Indian Attack} 7. e4 {[#] LiveBook: 4 Games. Hoping for e5.} dxe4 8. dxe4 {Black must now prevent e5.} e5 {White is slightly better.} 9. Qd3 $146 (9. exf5 Bxf5 10. Ng5 Nc6 11. Be3 Qe8 12. Nce4 Rd8 13. c3 Kh8 14. Nxf6 Rxf6 {0-1 (44) Astrom,R (2460)-Carlsson,P (2301) Sweden 1999}) 9... Nc6 (9... Qd7 $14) 10. exf5 $16 Qd7 11. g4 Nb4 {[#]} 12. Qe2 $1 Kh8 (12... b6 $142) 13. Ng5 ({And not} 13. Nxe5 Bxe5 14. Qxe5 Nxc2 $11) 13... Qe7 14. Nce4 Rb8 15. c3 Nbd5 16. Nxd6 cxd6 17. Rd1 Nb6 18. b3 Bd7 19. Ba3 Nc8 20. f4 h6 21. Nh3 {aiming for fxe5.} e4 (21... Re8 {was necessary.} 22. g5 Ng8 23. fxe5 Bxf5) 22. c4 Bc6 23. Bb2 ({Don't take} 23. g5 Ng8 24. Re1 Rxf5 25. Bxe4 Bxe4) 23... d5 24. cxd5 Bxd5 25. g5 1-0

[Event "32nd Reykjavik Open 2017"]
[Site "Reykjavik"]
[Date "2017.04.20"]
[Round "3"]
[White "Perelshteyn, Eugene"]
[Black "Giri, Anish"]
[Result "0-1"]
[WhiteElo "2509"]
[BlackElo "2771"]
[Annotator "TA"]
[PlyCount "90"]
[EventDate "2017.??.??"]
[EventType "swiss"]
[EventCountry "ISL"]
[SourceTitle "playchess.com"]
[Source "ChessBase"]
[SourceQuality "1"]

{[%evp 17,90,-11,-12,-25,-4,-15,-6,-13,-4,0,0,-56,-62,-68,-73,-79,-48,-81,-48,-43,-38,-42,-48,-49,-44,-35,-33,-26,-10,-13,-15,-43,-43,-55,-57,-53,-56,-36,-38,-69,-54,-81,-86,-68,-78,-104,-104,-85,-91,-89,-78,-166,-158,-200,-182,-200,-217,-420,-417,-415,-409,-1006,-936,-2099,-1997,-1863,-1777,-1429,-1247,-1209,-1201,-1222,-1214,-1210,-1195]} 1. d4 Nf6 2. c4 e6 3. Nf3 d5 4. g3 Bb4+ 5. Nc3 O-O 6. Bg2 dxc4 7. O-O Nc6 8. Bg5 h6 9. Bxf6 Qxf6 10. e3 {E20: Nimzo-Indian: 4 g3 and 4 f3} Bxc3 (10... Rb8 11. Nd2 Na5 12. Qh5 Qf5 13. Qe2 Qd3 14. Qxd3 cxd3 15. Rac1 b6 16. a3 Be7 17. b4 Nb7 18. Nb5 c5 19. Nxa7 {½-½ (65) Fridman,D (2624)-Neiksans,A (2607) Tallinn 2016}) 11. bxc3 Rb8 12. Nd2 {The position is equal.} Na5 $1 13. Qa4 b6 14. Qb5 $146 (14. Rab1 $11) (14. Rfb1 Ba6 15. Ne4 Qe7 16. Nc5 Bc8 17. f4 Rd8 18. Rb2 Bd7 19. Nxd7 Qxd7 {½-½ (61) Burmakin,V (2460)-Sarosi,Z (2355) Harkany 1993}) 14... Qf5 $15 15. a4 c6 16. Qb4 ({Don't go for} 16. Bxc6 $2 Qd3 17. Rfd1 (17. Ne4 $2 Nxc6 18. Qb1 e5 $19) 17... a6 $19) 16... Ba6 17. e4 Qg5 (17... Qh5 $5 {looks sharper.} 18. Rad1 c5 19. dxc5 Rfd8 20. cxb6 Rxb6 21. g4 Rxb4 22. gxh5 Rxa4 23. Ra1 Rxa1 24. Rxa1 Nb3) 18. f4 Qd8 {[#] White must now prevent ...c5!} 19. Rad1 Qc7 20. Qa3 c5 {...cxd4 is the strong threat.} 21. d5 exd5 22. exd5 Nb7 23. Nf3 {[%cal Bd2f3,Bf3e5,Be5c6][%mdl 32]} Nd6 24. Ne5 Rbe8 25. Rfe1 Re7 26. Nc6 Rxe1+ $1 27. Rxe1 Re8 28. Re5 Bc8 {[%cal Ba6c8,Bc8d7,Bd7e8,Be8f7][%mdl 32]} 29. Qc1 Bd7 30. Qe3 Kf8 $1 31. h3 f6 32. Rxe8+ Bxe8 33. g4 Bf7 34. h4 (34. a5 $17) 34... Qd7 35. h5 Qe8 ({Stronger than} 35... Qxg4 36. Qe7+ Kg8 37. Qxd6 $11) 36. Qg3 {[#]} Ne4 $1 {[%cal Re4g3]} 37. Bxe4 $2 (37. Qe3 Bxd5 38. Nxa7) 37... Qxe4 $19 38. f5 {White hopes to continue with Qb8+.} Kg8 ({Less strong is} 38... Qxd5 39. Qb8+ Be8 40. Nd8 Qd1+ 41. Kf2 $19) 39. Qc7 (39. Nxa7 $142 Bxd5 40. Nb5) 39... Qxg4+ {Black is clearly winning.} 40. Kh2 Qh4+ 41. Kg1 Qe1+ 42. Kh2 Qf2+ 43. Kh3 Qf3+ 44. Kh4 Qxh5+ 45. Kg3 Qg5+ 0-1

[Event "32nd Reykjavik Open 2017"]
[Site "Reykjavik"]
[Date "2017.04.20"]
[Round "3"]
[White "Firat, Burak"]
[Black "Jobava, Baadur"]
[Result "1/2-1/2"]
[WhiteElo "2503"]
[BlackElo "2712"]
[Annotator "TA"]
[PlyCount "60"]
[EventDate "2017.??.??"]
[EventType "swiss"]
[EventCountry "ISL"]
[SourceTitle "playchess.com"]
[Source "ChessBase"]
[SourceQuality "1"]

{[%evp 24,60,0,0,0,-8,0,0,0,-7,0,0,0,-4,-12,-5,0,0,0,0,0,-2,0,0,8,0,0,0,0,0,0,0,0,0,0,0,0,0,0]} 1. d4 d5 2. c4 c6 3. Nf3 Nf6 4. cxd5 cxd5 5. Nc3 Nc6 6. Bf4 Bf5 7. e3 e6 8. Bd3 Bxd3 9. Qxd3 Bd6 10. Bxd6 Qxd6 11. O-O O-O 12. Rac1 Rfc8 13. a3 {The position is equal.} Qd8 $146 {D14: Slav Defence: Exchange variation with ...Bf5} (13... Na5 14. Rc2 a6 15. Rfc1 Nb3 16. Rd1 Na5 17. Rdc1 Nb3 18. Rd1 Na5 {½-½ (18) Galkin,A (2611)-Rublevsky,S (2698) Rostov on Don 2014}) 14. Ne2 Ne7 15. Rxc8 Rxc8 16. Rc1 Ne8 (16... Ne4 $5 {with more complications.} 17. Qb3 Rxc1+ 18. Nxc1 Qc7 19. Nd3 b6) 17. Rxc8 Qxc8 18. Qc3 Qxc3 19. Nxc3 $11 {[%mdl 4096] Endgame KNN-KNN} f6 20. Ne1 Kf7 21. Nd3 Nd6 22. Kf1 Nc6 23. Ke2 Ke7 24. f3 b6 25. g4 Kd7 26. Kf2 Ke7 27. Ke2 Kd7 28. Kf2 Ke7 29. Ke2 Kd7 30. Kf2 Ke7 1/2-1/2

[Event "32nd Reykjavik Open 2017"]
[Site "Reykjavik"]
[Date "2017.04.20"]
[Round "3"]
[White "Liang, Awonder"]
[Black "Shirov, Alexei"]
[Result "1/2-1/2"]
[WhiteElo "2483"]
[BlackElo "2693"]
[Annotator "TA"]
[PlyCount "60"]
[EventDate "2017.??.??"]
[EventType "swiss"]
[EventCountry "ISL"]
[SourceTitle "playchess.com"]
[Source "ChessBase"]
[SourceQuality "1"]

{[%evp 22,60,1,0,0,0,4,-10,6,5,19,0,0,0,0,2,2,0,18,0,0,0,0,0,0,0,0,0,2,-21,-21,-21,-20,-20,-20,-25,-20,-20,-27,-23,-20]} 1. e4 e5 2. Nf3 Nc6 3. Nc3 Nf6 4. Bb5 Nd4 5. Nxd4 exd4 6. e5 dxc3 7. exf6 Qxf6 8. dxc3 Qe5+ 9. Qe2 Qxe2+ 10. Bxe2 d5 11. Bf4 c6 12. c4 Be6 {C48: Four Knights: 4 Bb5, replies other than 4...Bb4} 13. cxd5 Bxd5 14. O-O Be7 {The position is equal.} (14... Bc5 15. Rfe1 O-O 16. Bd3 Rfe8 17. Be5 a5 18. a3 b5 19. Kf1 f6 20. Bc3 Rxe1+ 21. Bxe1 {0-1 (72) Michiels,B (2462)-Buhmann,R (2603) Germany 2009}) 15. Rfe1 O-O 16. Bf3 Be6 $146 (16... Bb4 17. c3 Bxf3 18. cxb4 Bd5 {½-½ (18) Simagin,V-Geller,E Tashkent 1958}) 17. Bg4 Bb4 18. Re4 Bxg4 19. Rxb4 b5 20. Bd6 Rfd8 21. Bc7 Rd1+ 22. Rxd1 Bxd1 $11 {[%mdl 4096] Endgame KRB-KRB} 23. c3 Re8 {[%cal Re8e1] [#]} 24. f3 Be2 {...Bc4 is the strong threat.} 25. Re4 (25. Rd4 $5 {seems wilder.} Bc4 26. b3 Bd5 27. Kf2 f6 28. Bd6) 25... Rxe4 26. fxe4 Bd3 27. e5 Kf8 28. Kf2 Ke7 29. Ke3 Bb1 30. a3 Kd7 1/2-1/2

[Event "32nd Reykjavik Open 2017"]
[Site "Reykjavik"]
[Date "2017.04.20"]
[Round "3"]
[White "Torre, Eugenio"]
[Black "Jones, Gawain C B"]
[Result "0-1"]
[WhiteElo "2455"]
[BlackElo "2671"]
[Annotator "TA"]
[PlyCount "126"]
[EventDate "2017.??.??"]
[EventType "swiss"]
[EventCountry "ISL"]
[SourceTitle "playchess.com"]
[Source "ChessBase"]
[SourceQuality "1"]

{[%evp 12,126,15,0,0,0,0,0,0,0,3,7,8,-29,-22,-34,-41,-24,-11,-17,-14,-21,-6,-7,-4,-4,-10,-35,-35,-34,-31,-47,-50,-49,-48,-54,-54,-61,-61,-70,-63,-68,-67,-55,-76,-71,-77,-80,-68,-68,-65,-83,-83,-92,-82,-94,-94,-118,-90,-80,-47,-66,-64,-145,-150,-154,-149,-150,-150,-158,-135,-202,-202,-193,-156,-156,-145,-168,-136,-166,-138,-132,-138,-157,-159,-198,-194,-188,-197,-320,-320,-313,-311,-546,-532,-452,-450,-429,-392,-610,-386,-646,-643,-687,-675,-799,-793,-1330,-1146,-2192,-2145,-2135,-2113,-4952,-4614,-29976,-29980]} 1. d4 Nf6 2. Nf3 g6 3. Bg5 Bg7 4. Nbd2 O-O 5. e4 d5 6. exd5 Nxd5 7. c3 h6 {A48: 1 d4 Nf6 2 Nf3 g6: Torre, London and Colle Systems} 8. Bh4 c5 9. dxc5 Nf4 {The position is equal.} 10. Bg3 Qc7 11. Bxf4 (11. Qa4 e5 12. Nb3 Nd7 13. Qa5 Qxa5 14. Nxa5 Nxc5 15. O-O-O {½-½ (102) Sambuev,B (2541)-Dominguez Perez,L (2739) chess.com INT 2017}) 11... Qxf4 12. Bc4 $146 (12. Be2 Nd7 13. Nb3 Qc7 14. Qd5 Ne5 15. Nxe5 Bxe5 {0-1 (56) Simic,M (2210)-Paunovic,D (2455) Belgrade 1989}) 12... Nd7 13. O-O Nxc5 14. Qe2 Be6 15. Bxe6 Nxe6 16. Rfd1 Rfd8 17. Nc4 h5 18. Ne3 (18. g3 $5 {with more complications.} Qg4 19. Kf1 Rac8 20. Ne3 Qe4 21. Nd5) 18... Qe4 19. Qc4 Qxc4 20. Nxc4 Nc5 21. Kf1 Na4 22. Rxd8+ Rxd8 23. Rb1 Rd5 24. Ncd2 g5 {[%cal Bg6g5,Bg5g4][%mdl 32]} 25. Nb3 g4 26. Nfd4 Kh7 27. Nc2 Kg6 28. Ne3 Rd6 29. Nc4 Rc6 30. Ne3 e6 {[%cal Be7e6,Be6e5][%mdl 32]} 31. Nd1 Bh6 32. Ke2 e5 33. Kd3 f5 34. Kc2 h4 35. Ne3 {[#]} g3 $1 {[%mdl 512]} 36. hxg3 (36. fxg3 Bxe3) 36... hxg3 37. Rf1 (37. Nd5 $1 $15 Rd6 38. Ne7+ Kf6 39. Ng8+ Kg5 40. Nxh6 (40. fxg3 Bg7 41. Ne7 Rd7 $17) 40... Rxh6 41. fxg3) 37... Nb6 38. Nd1 gxf2 39. Rxf2 Nc4 40. Re2 Kh5 41. Nc1 (41. Rf2 $17 {was called for.}) 41... Rd6 $19 42. Nd3 e4 43. Nc5 b6 44. Nb3 Kg5 45. Nf2 e3 46. Nd3 Bg7 47. Nbc1 f4 48. Ne1 Kg4 {[#] Strongly threatening ...Rd2+.} 49. Nf3 Ne5 50. Nxe5+ (50. Nh2+ $142 Kh4 51. Nb3) 50... Bxe5 {[%mdl 4096] Endgame KRB-KRN} 51. Nd3 Bf6 52. Ne1 $2 (52. b3 {might work better.}) 52... Bh4 {aiming for ...Bxe1.} 53. Nd3 Kf5 54. b4 Ke4 55. Nb2 (55. Nc1 $142) 55... Bg5 56. Nc4 $2 (56. Nd1) 56... Rd8 57. a4 Bh4 58. Kb3 Bf2 59. Ra2 Rg8 60. a5 b5 61. Nd6+ Kd3 62. Nxb5 e2 63. Ra1 Rxg2 0-1

[Event "32nd Reykjavik Open 2017"]
[Site "Reykjavik"]
[Date "2017.04.20"]
[Round "3"]
[White "Kanmazalp, Ogulcan"]
[Black "Kamsky, Gata"]
[Result "1/2-1/2"]
[WhiteElo "2448"]
[BlackElo "2668"]
[Annotator "TA"]
[PlyCount "65"]
[EventDate "2017.??.??"]
[EventType "swiss"]
[EventCountry "ISL"]
[SourceTitle "playchess.com"]
[Source "ChessBase"]
[SourceQuality "1"]

{[%evp 15,65,42,47,51,69,74,71,36,74,57,61,67,61,61,66,50,97,59,88,26,17,0,33,0,0,-35,0,-5,-9,-83,-89,-88,-84,-93,-28,-98,0,0,5,0,10,3,14,12,19,0,0,0,22,0,0,-52]} 1. e4 g6 2. d4 Bg7 3. Nc3 d6 4. f4 a6 5. Nf3 b5 6. Bd3 Nd7 7. a4 {B06: Modern Defence} (7. e5 c5 8. Be4 Rb8 9. Be3 cxd4 10. Bxd4 dxe5 11. fxe5 e6 12. O-O Ne7 13. Qe1 O-O 14. a4 b4 15. Ne2 {0-1 (49) Anand,V (2793)-Caruana,F (2829) London 2014}) 7... b4 8. Ne2 e6 {LiveBook: 3 Games} 9. O-O {White is slightly better.} Ngf6 10. e5 Nd5 11. Ng5 $146 (11. a5 O-O 12. c4 bxc3 13. bxc3 c5 14. Bd2 Bb7 {1-0 (40) Hermansson,E (2427)-Hillarp Persson,T (2534) Sweden 2001}) 11... Qe7 12. c4 bxc3 $1 13. bxc3 a5 14. Qd2 O-O 15. Ba3 $1 {Strongly threatening exd6.} f5 16. Nf3 Rd8 17. exd6 (17. Bb5 $16) 17... cxd6 $11 18. Ne5 {[#] Nc6 is the strong threat.} Nb8 {[%cal Bd7b8,Bb8c6,Bc6e7,Be7d5][%mdl 32]} 19. Rab1 Qc7 20. Nc4 Nc6 21. Ne3 Nce7 22. Rb3 (22. Bb5 $11) 22... Nxe3 $17 23. Qxe3 Nd5 24. Qd2 e5 ({Black should try} 24... Bd7 $17 25. Rfb1 Rdb8 26. Rxb8+ Rxb8) 25. Rfb1 (25. fxe5 $1 $11 dxe5 26. Bc5) 25... exd4 ({Black should play} 25... e4 $17 26. Bb5 Nb6) 26. cxd4 $11 {The position is equal.} Kh8 27. Kh1 Be6 28. Rb7 Qc6 29. R7b5 Qc7 30. Rb7 Qc6 31. R7b5 Qc7 32. Rb7 Qc6 33. Qb2 (33. R7b5 $11) 1/2-1/2